Prime Ministers of the Russian Federation - Statistics

General Stats
  • This quiz has been taken 68 times
  • The average score is 6 of 12
Answer Stats
Term Answer % Correct
1999-2000 Vladimir Putin
100%
2008-2012 Vladimir Putin
100%
2012-2020 Dmitry Medvedev
80%
1991-1992 Boris Yeltsin
59%
2020-Present Mikhail Mishustin
53%
1992-1998 Viktor Chernomyrdin
41%
1998-1999 Yevgeny Primakov
39%
2000-2004 Mikhail Kasyanov
29%
1998 Sergey Kiriyenko
29%
2004-2007 Mikhail Fradkov
27%
2007-2008 Viktor Zubkov
22%
1999 Sergey Stephashin
2%
No matching quizzes found
Score Distribution
Percent of People with Each Score
Percentile by Number Answered
Your Score History
You have not taken this quiz